Die tschechischen Platzierungen bei der Europameisterschaft - Statistiken

Allgemein
  • Dieses Quiz wurde 4 mal gespielt
  • Das Durchschnittsergebnis liegt bei 4 aus 11
Antwortstatistiken
Hint Antwort % Korrekt
1980 Dritter Platz
75%
2024 Gruppenphase
75%
2008 Gruppenphase
50%
2016 Gruppenphase
50%
1976 Sieger
50%
1960 Dritter Platz
25%
2000 Gruppenphase
25%
2004 Halbfinale
25%
1996 Zweiter Platz
25%
2012 Viertelfinale
0%
2020 Viertelfinale
0%
Keine übereinstimmenden Quizze gefunden
Verteilung der Resultate
Anzahl Personen mit jedem Resultat
Perzentil nach korrekt beantworteten Fragen
Ihre Resultats-Entwicklung
Sie haben dieses Quiz noch nicht gespielt